[Event "Wch U14"]
[Site "Vung Tau"]
[Date "2008.10.23"]
[Round "5"]
[White "Grigoryan, Karen H"]
[Black "Lin Chieh Sheng, Jason"]
[Result "1-0"]
[WhiteElo "2072"]
[BlackElo "1686"]
[PlyCount "69"]
[EventDate "2008.10.20"]
[EventType "swiss"]
[EventRounds "11"]
[EventCountry "VIE"]
[SourceTitle "EXT 2009"]
[Source "ChessBase"]
[SourceDate "2008.11.26"]
[SourceVersion "1"]
[SourceVersionDate "2008.11.26"]
[SourceQuality "1"]

1. e4 e5 2. Nf3 Nc6 3. c3 Nf6 4. Qc2 Bc5 5. Be2 d6 6. O-O O-O 7. d3 h6 8. b4
Bb6 9. a4 a6 10. Na3 Ne7 11. d4 exd4 12. a5 Ba7 13. Nxd4 d5 14. e5 Ng4 15. Bxg4
Bxg4 16. h3 Bxd4 17. cxd4 Bf5 18. Qc3 Nc6 19. b5 axb5 20. Nxb5 Ra6 21. Bf4 Ne7
22. Rfc1 Rc6 23. Qa3 Rxc1+ 24. Rxc1 c6 25. Nd6 Qd7 26. Qb4 Ra8 27. Nxb7 Ng6 28.
Bg3 h5 29. Nc5 Qc8 30. a6 h4 31. Bh2 Bxh3 32. gxh3 Qxh3 33. Qc3 Qg4+ 34. Kh1
Qe2 35. Qe3 1-0

[Event "Guernsey Holiday op"]
[Site "Guernsey"]
[Date "2008.10.20"]
[Round "2"]
[White "Kearsley, Raymond J"]
[Black "Carrick, Peter"]
[Result "1-0"]
[WhiteElo "1608"]
[BlackElo "1272"]
[PlyCount "79"]
[EventDate "2008.10.19"]
[EventType "swiss"]
[EventRounds "7"]
[EventCountry "GCI"]
[SourceTitle "EXT 2011"]
[Source "ChessBase"]
[SourceDate "2010.11.26"]
[SourceVersion "1"]
[SourceVersionDate "2010.11.26"]
[SourceQuality "1"]

1. e4 e5 2. Nf3 Nc6 3. c3 d6 4. d4 exd4 5. cxd4 Nf6 6. Be2 Nxe4 7. d5 Ne5 8.
Qa4+ Qd7 9. Qxe4 Qe7 10. O-O f6 11. Nc3 Qf7 12. Bb5+ Bd7 13. Bxd7+ Qxd7 14. Nd4
O-O-O 15. Ne6 Re8 16. Qa4 Qxa4 17. Nxa4 c6 18. Nxf8 Rhxf8 19. dxc6 bxc6 20. Be3
Rf7 21. Rfd1 Rd8 22. Rac1 Kb8 23. Bd4 Rc7 24. Bxe5 fxe5 25. Nc5 Re7 26. Ne4 Kc7
27. b4 a6 28. a4 d5 29. b5 axb5 30. axb5 Re6 31. Nc5 Red6 32. bxc6 d4 33. Rd2
Re8 34. Na6+ Kc8 35. Rb2 Kd8 36. Rb7 d3 37. c7+ Kc8 38. Rb8+ Kd7 39. Rxe8 Kxe8
40. c8=Q+ 1-0

[Event "Cup Ugra (open) (b)"]
[Site "Khanty Mansiysk (Russia)"]
[Date "2008.10.19"]
[Round "6"]
[White "Teterin, Alexander"]
[Black "Churaev, Vadim"]
[Result "1/2-1/2"]
[WhiteElo "2113"]
[BlackElo "2170"]
[PlyCount "70"]
[EventDate "2008.??.??"]
[EventRounds "11"]
[EventCountry "RUS"]
[SourceTitle "OM OTB B 201907"]
[Source "Opening Master"]
[SourceDate "2019.07.06"]
[SourceVersion "2"]
[SourceVersionDate "2019.07.06"]
[SourceQuality "1"]

1. e4 e5 2. Nf3 Nc6 3. c3 Nf6 4. d4 Nxe4 5. d5 Nb8 6. Qe2 Nf6 7. Qxe5+ Qe7 8.
c4 d6 9. Qxe7+ Bxe7 10. Bd3 O-O 11. O-O Na6 12. Nc3 Bd7 13. Re1 Rfe8 14. h3 Nc5
15. Bc2 Bf8 16. Bd2 a5 17. Kf1 g6 18. Rxe8 Rxe8 19. Re1 Rxe1+ 20. Kxe1 Bg7 21.
Be3 Kf8 22. Kd2 Ke7 23. Bd4 Nh5 24. Bxg7 Nxg7 25. Nd4 Nh5 26. Ke3 f5 27. Ncb5
Bxb5 28. Nxb5 c6 29. Nc3 Nf6 30. Kd4 cxd5 31. Nxd5+ Nxd5 32. Kxd5 Ne6 33. g3
Nc7+ 34. Kd4 Ne6+ 35. Kd5 Nc7+ 1/2-1/2

[Event "BEL-chT 0809"]
[Site "Belgium"]
[Date "2008.10.19"]
[Round "2.6"]
[White "Roofthoofd, Marcel"]
[Black "Grijp, Peter"]
[Result "1-0"]
[WhiteElo "2243"]
[BlackElo "2056"]
[PlyCount "51"]
[EventDate "2008.10.05"]
[EventType "team"]
[EventRounds "11"]
[EventCountry "BEL"]
[SourceTitle "CBM 127 Extra"]
[Source "ChessBase"]
[SourceDate "2009.01.08"]
[SourceVersion "2"]
[SourceVersionDate "2009.01.28"]
[SourceQuality "1"]

1. e4 e5 2. Nf3 Nc6 3. c3 d5 4. Qa4 dxe4 5. Nxe5 Bd7 6. Nxd7 Qxd7 7. Qxe4+ Be7
8. d4 Nf6 9. Qf3 O-O 10. Bd3 Rad8 11. O-O h6 12. Nd2 Ne8 13. Bf5 Qd6 14. Nc4
Qf6 15. Be4 Nxd4 16. cxd4 Qxd4 17. Ne3 Nd6 18. Nf5 Nxf5 19. Qxf5 g6 20. Qf3 Bb4
21. Bxh6 Rfe8 22. Bxb7 Rd6 23. Rad1 Qc4 24. Bd5 Rxd5 25. Qxd5 Qe2 26. Qd4 1-0

[Event "FRA-chT2 East 0809"]
[Site "France"]
[Date "2008.10.19"]
[Round "1.5"]
[White "Staeger, Pascal"]
[Black "Paci, Romain"]
[Result "0-1"]
[WhiteElo "2115"]
[BlackElo "1987"]
[PlyCount "62"]
[EventDate "2008.10.19"]
[EventType "team-tourn"]
[EventRounds "11"]
[EventCountry "FRA"]
[SourceTitle "EXT 2010"]
[Source "ChessBase"]
[SourceDate "2009.11.30"]
[SourceVersion "1"]
[SourceVersionDate "2009.11.30"]
[SourceQuality "1"]
[WhiteTeam "Metz Fischer II"]
[BlackTeam "Mulhouse IV"]
[WhiteTeamCountry "FRA"]
[BlackTeamCountry "FRA"]

1. e4 e5 2. Nf3 Nc6 3. c3 Nf6 4. Qa4 d6 5. Bc4 Nd7 6. Qc2 Na5 7. Be2 Be7 8. d4
O-O 9. O-O Bf6 10. d5 b6 11. Rd1 g6 12. Nbd2 Bg7 13. Bd3 Nb7 14. b4 Nf6 15. Nf1
Nh5 16. Ne3 Nf4 17. Ba6 Rb8 18. Bf1 f5 19. exf5 gxf5 20. g3 Ng6 21. Ng2 f4 22.
Ngh4 Bg4 23. Nxg6 hxg6 24. Qe4 Bf5 25. Qe2 g5 26. Bg2 e4 27. Nxg5 Qxg5 28. Bxf4
Qg6 29. Rac1 Bg4 30. f3 exf3 31. Bxf3 Rxf4 0-1

[Event "CZE-chT1W 0809"]
[Site "Czechia"]
[Date "2008.10.19"]
[Round "1.2"]
[White "Hausner, Ivan"]
[Black "Jirka, Jiri"]
[Result "1/2-1/2"]
[WhiteElo "2392"]
[BlackElo "2448"]
[PlyCount "35"]
[EventDate "2008.10.19"]
[EventType "team-tourn"]
[EventRounds "11"]
[EventCountry "CZE"]
[SourceTitle "EXT 2010"]
[Source "ChessBase"]
[SourceDate "2009.11.30"]
[SourceVersion "1"]
[SourceVersionDate "2009.11.30"]
[SourceQuality "1"]
[WhiteTeam "Praha Holdia"]
[BlackTeam "Novoborsky II"]
[WhiteTeamCountry "CZE"]
[BlackTeamCountry "CZE"]

1. e4 e5 2. Nf3 Nc6 3. c3 Nf6 4. d4 Nxe4 5. d5 Ne7 6. Nxe5 Ng6 7. Nxg6 hxg6 8.
Be3 Be7 9. Be2 Nd6 10. Qd3 Nf5 11. Bf4 d6 12. Na3 Nh4 13. O-O g5 14. Bd2 Ng6
15. Rfe1 O-O 16. Nc4 Bd7 17. Qc2 Bf6 18. Rad1 1/2-1/2

[Event "SLO-chT2 West"]
[Site "Kranj"]
[Date "2008.10.18"]
[Round "7.6"]
[White "Renko, Joze"]
[Black "Cibej, Marjan"]
[Result "0-1"]
[WhiteElo "1553"]
[BlackElo "1877"]
[PlyCount "74"]
[EventDate "2008.10.11"]
[EventType "team-swiss"]
[EventRounds "9"]
[EventCountry "SLO"]
[SourceTitle "EXT 2010"]
[Source "ChessBase"]
[SourceDate "2009.11.30"]
[SourceVersion "1"]
[SourceVersionDate "2009.11.30"]
[SourceQuality "1"]
[WhiteTeam "Stari Mayr - Sencur"]
[BlackTeam "Koper"]
[WhiteTeamCountry "SLO"]
[BlackTeamCountry "SLO"]

1. e4 e5 2. Nf3 Nc6 3. c3 d5 4. exd5 Qxd5 5. Qb3 Be6 6. Qxb7 Rb8 7. Qa6 Bc5 8.
Qd3 e4 9. Qxd5 Bxd5 10. Ng1 Nf6 11. Nh3 O-O 12. a4 Ne5 13. b4 Nd3+ 14. Bxd3
exd3 15. f3 Rfe8+ 16. Kf1 Nh5 17. g4 Ng3+ 18. Kg2 Nxh1 19. bxc5 Re1 20. Na3 Ng3
21. Bb2 Rxa1 22. Bxa1 Ne2 23. c4 Bc6 24. Nb5 Ng1 25. Kxg1 a6 26. Be5 axb5 27.
axb5 Bxf3 28. Bxc7 Re8 29. Ba5 Re5 30. Bb6 Re4 31. Kf2 Bd1 32. Ba5 Ba4 33. c6
Rxc4 34. c7 Bxb5 35. Ke3 Ba6 36. Bb6 Kf8 37. Ba7 Rxc7 0-1

[Event "EU-Cup 24th"]
[Site "Kallithea"]
[Date "2008.10.18"]
[Round "2"]
[White "Yssing, Klaus"]
[Black "Seitaj, Ilir"]
[Result "0-1"]
[WhiteElo "2125"]
[BlackElo "2391"]
[PlyCount "110"]
[EventDate "2008.10.17"]
[EventType "team-swiss"]
[EventRounds "7"]
[EventCountry "GRE"]
[SourceTitle "CBM 127"]
[Source "ChessBase"]
[SourceDate "2008.11.13"]
[SourceVersion "1"]
[SourceVersionDate "2008.11.13"]
[SourceQuality "1"]
[WhiteTeam "Copenhagen Bronshoj"]
[BlackTeam "Butrinti Sarande"]
[WhiteTeamCountry "DEN"]
[BlackTeamCountry "ALB"]

1. e4 e5 2. Nf3 Nc6 3. c3 Nf6 4. d4 exd4 5. e5 Nd5 6. cxd4 Bb4+ 7. Bd2 Bxd2+ 8.
Nbxd2 d6 9. Bb5 O-O 10. O-O Bd7 11. Qb3 Nb6 12. exd6 cxd6 13. Ne4 a6 14. Be2
Be6 15. Qa3 Bd5 16. Ned2 Qf6 17. Rad1 Rfe8 18. Rfe1 Re7 19. Qd3 Rae8 20. a3 h6
21. h3 Na4 22. Rb1 Nb6 23. b3 Qf4 24. Kf1 Be6 25. Ra1 Bf5 26. Qc3 Nd5 27. Qc4
Nf6 28. d5 Qxc4 29. bxc4 Rxe2 30. Rxe2 Bd3 31. Rae1 Na5 32. Nd4 Nxc4 33. Nxc4
Bxc4 34. Rc1 Bxe2+ 35. Nxe2 Nxd5 36. Rd1 Re5 37. Nd4 Ne7 38. Nf3 Rd5 39. Rc1
Nc6 40. Rb1 b5 41. Rc1 Rc5 42. Rd1 d5 43. Ke2 Kf8 44. Kd3 Rc4 45. Nd2 Ne5+ 46.
Ke3 Ra4 47. Nb1 Nc4+ 48. Ke2 Nxa3 49. Nc3 Rc4 50. Nxd5 a5 51. Kd3 Nc2 52. Nb6
Nb4+ 53. Ke3 Rc6 54. Rd8+ Ke7 55. Rb8 Rxb6 0-1

[Event "EU-Cup 24th"]
[Site "Kallithea"]
[Date "2008.10.17"]
[Round "1"]
[White "Starostits, Ilmars"]
[Black "Sargissian, Gabriel"]
[Result "1/2-1/2"]
[WhiteElo "2480"]
[BlackElo "2642"]
[PlyCount "43"]
[EventDate "2008.10.17"]
[EventType "team-swiss"]
[EventRounds "7"]
[EventCountry "GRE"]
[SourceTitle "CBM 127"]
[Source "ChessBase"]
[SourceDate "2008.11.13"]
[SourceVersion "1"]
[SourceVersionDate "2008.11.13"]
[SourceQuality "1"]
[WhiteTeam "Panevezys"]
[BlackTeam "Erevan MIKA"]
[WhiteTeamCountry "LTU"]
[BlackTeamCountry "ARM"]

1. e4 e5 2. Nf3 Nc6 3. c3 d5 4. Qa4 f6 5. Bb5 Nge7 6. exd5 Qxd5 7. d4 a6 8. Bc4
b5 9. Bxd5 bxa4 10. Be4 exd4 11. Nxd4 Bd7 12. Na3 O-O-O 13. Nxc6 Bxc6 14. Bxc6
Nxc6 15. Nc4 Bc5 16. Be3 Bxe3 17. Nxe3 a3 18. b3 Rd3 19. Rc1 Rhd8 20. Rc2 Na7
21. Ke2 Nb5 22. Rhc1 1/2-1/2

[Event "Cup Ugra (open) (b)"]
[Site "Khanty Mansiysk (Russia)"]
[Date "2008.10.15"]
[Round "1"]
[White "Teterin, Alexander"]
[Black "Grishin, Yury"]
[Result "1-0"]
[WhiteElo "2113"]
[BlackElo "1887"]
[PlyCount "61"]
[EventDate "2008.??.??"]
[EventRounds "11"]
[EventCountry "RUS"]
[SourceTitle "OM OTB B 201907"]
[Source "Opening Master"]
[SourceDate "2019.07.06"]
[SourceVersion "2"]
[SourceVersionDate "2019.07.06"]
[SourceQuality "1"]

1. e4 e5 2. Nf3 Nc6 3. c3 Nf6 4. d4 Nxe4 5. d5 Bc5 6. dxc6 Bxf2+ 7. Ke2 bxc6 8.
Qa4 f5 9. Nbd2 Bb6 10. Nxe4 fxe4 11. Qxe4 O-O 12. Bg5 Qe8 13. Kd2 d6 14. g4 d5
15. Qxe5 Qf7 16. Be2 Bxg4 17. Rhf1 Rae8 18. Qg3 Qh5 19. h4 h6 20. Bf4 Re4 21.
Be5 Re8 22. Bd3 R4xe5 23. Nxe5 Rxe5 24. Rae1 Rxe1 25. Rxe1 Bc5 26. Qxc7 Qxh4
27. Re8+ Bf8 28. Qf4 Qf6 29. Qxg4 Qf2+ 30. Kc1 Qf7 31. Qe6 1-0

[Event "WMSG Rapid Team 1st (Women)"]
[Site "Beijing"]
[Date "2008.10.14"]
[Round "2"]
[White "Bhatia, Kanwal K"]
[Black "Van Weersel, Arlette"]
[Result "0-1"]
[WhiteElo "2065"]
[BlackElo "2209"]
[PlyCount "108"]
[EventDate "2008.10.14"]
[EventType "team (rapid)"]
[EventRounds "9"]
[EventCountry "CHN"]
[SourceTitle "CBM 126 Extra"]
[Source "ChessBase"]
[SourceDate "2008.11.05"]
[SourceVersion "1"]
[SourceVersionDate "2008.11.05"]
[SourceQuality "1"]

1. e4 e5 2. Nf3 Nc6 3. c3 d5 4. Qa4 Qd6 5. Bb5 Bd7 6. d3 dxe4 7. dxe4 Qg6 8.
O-O Nf6 9. Nbd2 Bd6 10. Nh4 Qh5 11. Nf5 O-O 12. Nxd6 cxd6 13. Re1 Qg6 14. Qd1
a6 15. Bd3 d5 16. Qe2 d4 17. f4 Rad8 18. f5 Qh5 19. Qf1 Ng4 20. h3 Ne3 21. Qf2
f6 22. c4 Nb4 23. Be2 Qe8 24. Nb3 Nbc2 25. Bd3 Nxe1 26. Qxe1 Ba4 27. Nc5 Rc8
28. b3 Bc6 29. Bxe3 dxe3 30. Qxe3 Qe7 31. Ne6 Rfe8 32. Rf1 Bd7 33. c5 Bxe6 34.
fxe6 Qxc5 35. Qxc5 Rxc5 36. Bc4 Kf8 37. Rd1 Rc7 38. Rd6 Ke7 39. Rd2 Rd8 40.
Rxd8 Kxd8 41. Kf2 Ke7 42. Ke3 b5 43. Bd5 Rc2 44. g3 Rxa2 45. Kf3 Rb2 46. Ke3
Rh2 47. h4 Rb2 48. Kf3 a5 49. Ke3 a4 50. bxa4 bxa4 51. Kd3 a3 52. Kc3 Rg2 53.
Kb3 Rxg3+ 54. Kb4 g5 0-1

[Event "Santiago de Chile"]
[Site "Santiago de Chile"]
[Date "2008.10.14"]
[Round "2"]
[White "Sepulveda Herrera, Job Rodrigo"]
[Black "Cortes Moyano, Julio"]
[Result "1/2-1/2"]
[WhiteElo "2325"]
[BlackElo "2286"]
[PlyCount "108"]
[EventDate "2008.10.13"]
[EventType "tourn"]
[EventRounds "11"]
[EventCountry "CHI"]
[EventCategory "4"]
[SourceTitle "EXT 2009"]
[Source "ChessBase"]
[SourceDate "2008.11.26"]
[SourceVersion "1"]
[SourceVersionDate "2008.11.26"]
[SourceQuality "1"]

1. e4 e5 2. Nf3 Nc6 3. c3 d5 4. Bb5 dxe4 5. Nxe5 Qd5 6. Qa4 Nge7 7. Nxc6 Nxc6
8. c4 Qd6 9. Nc3 Be7 10. O-O Bd7 11. Nxe4 Qg6 12. d3 O-O 13. Qd1 a6 14. Ba4 f5
15. Nc3 f4 16. Qf3 Bg4 17. Qe4 Bf5 18. Qf3 Bxd3 19. Re1 Bb4 20. Bxf4 Bxc4 21.
Bxc6 bxc6 22. Qg3 Qf7 23. Bxc7 Bxa2 24. h3 Bc5 25. Ne4 Bd4 26. Be5 Bxe5 27.
Qxe5 Bd5 28. f3 Rfe8 29. Qd4 Qg6 30. Ra3 Re6 31. Rae3 Rae8 32. Nd2 Rxe3 33.
Rxe3 Rxe3 34. Qxe3 h6 35. Qd4 Qe6 36. Kf2 Qe7 37. Nf1 Kf7 38. Ne3 Qf6 39. Qxf6+
Kxf6 40. Nxd5+ cxd5 41. Ke3 g5 42. Kd4 Ke6 43. b4 h5 44. g3 Kd6 45. h4 gxh4 46.
gxh4 Ke6 47. f4 Kf5 48. Kxd5 Kxf4 49. Kc6 Kg4 50. Kb6 Kxh4 51. Kxa6 Kg4 52. b5
h4 53. b6 h3 54. b7 h2 1/2-1/2

[Event "SLO-chT2 West"]
[Site "Kranj"]
[Date "2008.10.12"]
[Round "3.6"]
[White "Gnidovec, Tilen"]
[Black "Pajnhart, Tadej"]
[Result "0-1"]
[WhiteElo "1607"]
[BlackElo "1753"]
[PlyCount "78"]
[EventDate "2008.10.11"]
[EventType "team-swiss"]
[EventRounds "9"]
[EventCountry "SLO"]
[SourceTitle "EXT 2010"]
[Source "ChessBase"]
[SourceDate "2009.11.30"]
[SourceVersion "1"]
[SourceVersionDate "2009.11.30"]
[SourceQuality "1"]
[WhiteTeam "Komenda Popotnik"]
[BlackTeam "Lojz Kraigher"]
[WhiteTeamCountry "SLO"]
[BlackTeamCountry "SLO"]

1. e4 e5 2. Nf3 Nc6 3. c3 d6 4. Be2 Be7 5. O-O Nf6 6. d4 O-O 7. Nbd2 exd4 8.
cxd4 Bg4 9. Qc2 Re8 10. Bd3 Nb4 11. Qb3 Nxd3 12. Qxd3 Bh5 13. Re1 Bf8 14. Qe3
Bg6 15. e5 dxe5 16. dxe5 Nd5 17. Qb3 Nb4 18. Ne4 Qd3 19. Qxd3 Nxd3 20. Re3 Nxe5
21. Nxe5 Rxe5 22. f3 f5 23. Rc3 fxe4 24. Bf4 Rc5 25. Rac1 Rxc3 26. Rxc3 c6 27.
a3 exf3 28. Rxf3 Rd8 29. h3 Rd1+ 30. Kh2 Bd6 31. Bxd6 Rxd6 32. b4 Rd3 33. Rxd3
Bxd3 34. g3 Kf7 35. h4 Ke6 36. Kg2 Kd5 37. Kf2 Kc4 38. Ke1 Kb3 39. Kd2 Bf5 0-1

[Event "SLO-chT2 West"]
[Site "Kranj"]
[Date "2008.10.12"]
[Round "3.5"]
[White "Bratkovic, Sham"]
[Black "Todosovski, Dragutin"]
[Result "0-1"]
[WhiteElo "1531"]
[BlackElo "1811"]
[PlyCount "104"]
[EventDate "2008.10.11"]
[EventType "team-swiss"]
[EventRounds "9"]
[EventCountry "SLO"]
[SourceTitle "EXT 2010"]
[Source "ChessBase"]
[SourceDate "2009.11.30"]
[SourceVersion "1"]
[SourceVersionDate "2009.11.30"]
[SourceQuality "1"]
[WhiteTeam "Komenda Pogi"]
[BlackTeam "Upokojenci Komandant Stane"]
[WhiteTeamCountry "SLO"]
[BlackTeamCountry "SLO"]

1. e4 e5 2. Nf3 Nc6 3. c3 d6 4. d4 Be7 5. Be2 Nf6 6. O-O Nxe4 7. d5 Nb8 8. Qa4+
Bd7 9. Qxe4 f5 10. Qc2 O-O 11. Bc4 Kh8 12. Nbd2 a5 13. a4 c5 14. Kh1 Na6 15.
Rg1 Qe8 16. Nb3 Nc7 17. Bg5 Bxg5 18. Nxg5 Bxa4 19. g4 b5 20. Be2 c4 21. gxf5
Bxb3 22. Qe4 Rf6 23. Rg3 h6 24. Rh3 Kg8 25. Bh5 Qc8 26. Ne6 Nxe6 27. fxe6 Qf8
28. Bf7+ Kh8 29. Rg1 Rxf7 30. exf7 Qxf7 31. Rhg3 Rg8 32. f3 b4 33. cxb4 c3 34.
bxc3 Bxd5 35. Qe3 axb4 36. cxb4 Rf8 37. h3 Bxf3+ 38. Kh2 Qa2+ 39. R1g2 Bxg2 40.
Rxg2 Qc4 41. Rf2 Rxf2+ 42. Qxf2 Qxb4 43. Qf8+ Kh7 44. Qf5+ Kg8 45. Qe6+ Kf8 46.
Qc8+ Kf7 47. Qd7+ Kf6 48. Qd8+ Kg6 49. Qe8+ Kh7 50. Qf7 Qf4+ 51. Qxf4 exf4 52.
h4 g5 0-1

[Event "FICGS__CHESS__RAPID_A__000051"]
[Site "FICGS"]
[Date "2008.10.11"]
[Round "1"]
[White "Nichols, Scott"]
[Black "Schmid, Pablo"]
[Result "1/2-1/2"]
[WhiteElo "1980"]
[BlackElo "2035"]
[PlyCount "73"]
[EventDate "2008.??.??"]
[EventType "rapid"]
[SourceTitle "OM Corr 202003"]
[Source "Opening Master"]
[SourceDate "2019.05.30"]
[SourceVersion "2"]
[SourceVersionDate "2019.05.30"]
[SourceQuality "1"]

1. e4 e5 2. Nf3 Nc6 3. c3 Nf6 4. d4 Nxe4 5. d5 Ne7 6. Nxe5 Ng6 7. Nxg6 hxg6 8.
Bd3 Nc5 9. O-O Nxd3 10. Qxd3 Be7 11. Re1 O-O 12. Qe2 Bf6 13. Nd2 d6 14. Ne4 Bd7
15. Be3 Re8 16. Nxf6+ Qxf6 17. Qc4 c5 18. dxc6 Bxc6 19. f3 Qf5 20. Rad1 Re6 21.
Bf2 Rxe1+ 22. Rxe1 Re8 23. Rxe8+ Bxe8 24. Qe2 Qb1+ 25. Qe1 Qxe1+ 26. Bxe1 Kf8
27. h4 Ke7 28. c4 Bd7 29. Kf2 Be6 30. b3 Bf5 31. Ke3 Bb1 32. Kd2 Bf5 33. Kc3
Kd7 34. Bf2 b6 35. Bd4 f6 36. b4 Kc7 37. g4 1/2-1/2

[Event "WMSG Rapid Pair 1st"]
[Site "Beijing"]
[Date "2008.10.09"]
[Round "3"]
[White "Medvegy, Nora"]
[Black "Borosova, Zuzana"]
[Result "1/2-1/2"]
[WhiteElo "2355"]
[BlackElo "2234"]
[PlyCount "81"]
[EventDate "2008.10.09"]
[EventType "swiss (rapid)"]
[EventRounds "9"]
[EventCountry "CHN"]
[SourceTitle "CBM 126 Extra"]
[Source "ChessBase"]
[SourceDate "2008.11.05"]
[SourceVersion "1"]
[SourceVersionDate "2008.11.05"]
[SourceQuality "1"]

1. e4 e5 2. Nf3 Nc6 3. c3 d5 4. d3 dxe4 5. dxe4 Qxd1+ 6. Kxd1 Bc5 7. Be3 Bxe3
8. fxe3 f6 9. Bd3 Be6 10. Ke2 O-O-O 11. Nbd2 Nge7 12. b4 Rd6 13. Bc4 Bxc4+ 14.
Nxc4 Rd7 15. a4 Nd8 16. Nh4 Nf7 17. Nf5 Nxf5 18. exf5 Nd6 19. Nxd6+ Rxd6 20.
Rhd1 Rhd8 21. Rxd6 Rxd6 22. g4 Kd7 23. h4 Ke7 24. Rg1 h6 25. e4 Kf7 26. Ke3 Rd8
27. Rb1 Rd6 28. Ra1 Rd8 29. Rg1 Rd6 30. Ke2 Rd8 31. a5 Rd6 32. Ra1 Ke7 33. Rb1
Kf7 34. Rg1 Rd8 35. Ke3 Rd6 36. Ra1 Ke7 37. Ke2 Kf7 38. Rb1 Ke7 39. Rg1 Kf7 40.
Ra1 Ke7 41. Ke3 1/2-1/2

[Event "RUS-ch Seniors"]
[Site "Odintsovo"]
[Date "2008.10.08"]
[Round "6"]
[White "Matveenko, Yury"]
[Black "Barmin, Piotr"]
[Result "1-0"]
[WhiteElo "2138"]
[BlackElo "1936"]
[PlyCount "85"]
[EventDate "2008.10.02"]
[EventType "swiss"]
[EventRounds "9"]
[EventCountry "RUS"]
[SourceTitle "CBM 127 Extra"]
[Source "ChessBase"]
[SourceDate "2009.01.08"]
[SourceVersion "2"]
[SourceVersionDate "2009.01.28"]
[SourceQuality "1"]

1. e4 e5 2. Nf3 Nc6 3. c3 Bc5 4. d4 exd4 5. cxd4 Bb4+ 6. Nc3 d5 7. Bg5 f6 8.
exd5 Qxd5 9. Bd2 Qe6+ 10. Be2 Nge7 11. O-O O-O 12. Re1 Qf7 13. a3 Bd6 14. Qa4
Kh8 15. Nb5 Nf5 16. Bd3 Rd8 17. Qc2 Qh5 18. Nxd6 Rxd6 19. Bf4 Nfxd4 20. Nxd4
Rxd4 21. Bxc7 Ne5 22. Bxe5 fxe5 23. Qc5 Bf5 24. Bf1 Be4 25. Re3 Rad8 26. Rae1
b6 27. Qc3 Qg6 28. f3 Bd3 29. Rxe5 Bxf1 30. Kxf1 R4d7 31. Qc2 Qf7 32. Qe4 h6
33. Qc6 Kh7 34. b4 Qf4 35. Qc2+ Rd3 36. R1e3 Qd4 37. Re7 Kg8 38. Qxd3 Qxd3+ 39.
Rxd3 Rxd3 40. Rxa7 b5 41. Ra5 Rb3 42. Kf2 Kh7 43. h4 1-0

[Event "SA-2008-0-00031"]
[Site "LSS"]
[Date "2008.10.08"]
[Round "?"]
[White "Dehaybe, Andre"]
[Black "Jones"]
[Result "0-1"]
[WhiteElo "1999"]
[BlackElo "2086"]
[PlyCount "130"]
[EventDate "2008.10.04"]
[EventType "swiss"]
[SourceTitle "OM Corr 202003"]
[Source "Opening Master"]
[SourceDate "2019.05.30"]
[SourceVersion "2"]
[SourceVersionDate "2019.05.30"]
[SourceQuality "1"]

1. e4 e5 2. Nf3 Nc6 3. c3 Nf6 4. d4 exd4 5. e5 Nd5 6. cxd4 d6 7. Bb5 Be7 8. Nc3
Be6 9. O-O O-O 10. Qe2 h6 11. Bd2 Qd7 12. Rfd1 Rad8 13. Qe4 a6 14. Ba4 f5 15.
exf6 Nxf6 16. Qe2 Rde8 17. Bxh6 gxh6 18. d5 Nxd5 19. Nxd5 Bd8 20. Ne3 Qg7 21.
Bb3 Bxb3 22. axb3 Ne5 23. Nxe5 Rxe5 24. h4 Qf7 25. Rd4 Qxb3 26. Raa4 Qf7 27.
Rg4+ Kh8 28. g3 Qe6 29. Qd3 h5 30. Rg6 Rf6 31. Rg5 Rf3 32. Rxe5 Qxe5 33. Kg2
Rf8 34. Rd4 Kg7 35. b3 Qe6 36. Nd5 Qf5 37. Nf4 Qxd3 38. Rxd3 Kg8 39. Nxh5 Rf7
40. Rd4 Be7 41. Rb4 b5 42. Re4 a5 43. Nf4 c6 44. Ng6 Bf6 45. h5 Kg7 46. g4 Ra7
47. f4 a4 48. g5 a3 49. gxf6+ Kxf6 50. Re1 b4 51. Nf8 c5 52. h6 Rf7 53. Ne6 Re7
54. Kf3 c4 55. Rg1 cxb3 56. Ng7 b2 57. h7 b1=Q 58. Nh5+ Ke6 59. Rxb1 Rxh7 60.
f5+ Ke5 61. Re1+ Kd4 62. Re4+ Kc3 63. Nf6 b3 64. Nd5+ Kd2 65. Rd4+ Kc1 0-1

[Event "BUL-chT2 58th"]
[Site "Borovetz"]
[Date "2008.10.07"]
[Round "7.5"]
[White "Jordanov, Nikolay"]
[Black "Petrov, Valeri"]
[Result "1/2-1/2"]
[WhiteElo "2224"]
[BlackElo "1986"]
[PlyCount "124"]
[EventDate "2008.10.01"]
[EventType "team-swiss"]
[EventRounds "7"]
[EventCountry "BUL"]
[SourceTitle "CBM 126 Extra"]
[Source "ChessBase"]
[SourceDate "2008.11.05"]
[SourceVersion "1"]
[SourceVersionDate "2008.11.05"]
[SourceQuality "1"]

1. e4 e5 2. Nf3 Nc6 3. c3 Nf6 4. d4 d6 5. h3 Be7 6. Be3 O-O 7. Nbd2 h6 8. d5
Nb8 9. g4 c6 10. c4 Qa5 11. g5 Nxe4 12. gxh6 g6 13. a3 cxd5 14. b4 Qd8 15. cxd5
Bf5 16. Nc4 Nd7 17. Qb3 Rc8 18. h4 b5 19. Na5 Rc3 20. Qb2 Rxe3+ 21. fxe3 Qb6
22. Qb3 Rc8 23. Nc6 Re8 24. h7+ Kh8 25. Nxe7 Rxe7 26. Ng5 Ndf6 27. Rc1 Rc7 28.
Rxc7 Qxc7 29. Qb2 Nxh7 30. Nxe4 Bxe4 31. Rh2 Nf6 32. Bxb5 Nxd5 33. Qd2 Qb6 34.
Bd3 Bf3 35. Be2 Be4 36. Bd3 Bxd3 37. Qxd3 Nxe3 38. Qe4 Nf5 39. Rg2 Ng7 40. Kd2
Nh5 41. Kc1 Qa6 42. Kb2 Nf4 43. Rd2 Kg7 44. Kb3 Qb6 45. Rc2 Ne6 46. Ka2 Nd4 47.
Rc8 Qa6 48. Rc3 Qf1 49. a4 Qa6 50. a5 Qf1 51. Qb1 Qf2+ 52. Qb2 Qxh4 53. b5 Qh1
54. b6 axb6 55. axb6 Qd5+ 56. Kb1 Qe4+ 57. Ka1 Qe1+ 58. Ka2 Nb5 59. Rb3 Qa5+
60. Kb1 Qe1+ 61. Qc1 Qe4+ 62. Qc2 Qe1+ 1/2-1/2

[Event "Tournament"]
[Site "Swietochlowice (Poland)"]
[Date "2008.10.04"]
[Round "6"]
[White "Kubit, Tomasz"]
[Black "Leczycki, Pawel"]
[Result "1/2-1/2"]
[WhiteElo "2180"]
[BlackElo "1910"]
[PlyCount "34"]
[EventDate "2008.??.??"]
[EventRounds "9"]
[SourceTitle "OM OTB B 201907"]
[Source "Opening Master"]
[SourceDate "2019.07.06"]
[SourceVersion "2"]
[SourceVersionDate "2019.07.06"]
[SourceQuality "1"]

1. e4 Nc6 2. Nf3 e5 3. c3 Nf6 4. d4 exd4 5. e5 Nd5 6. cxd4 Bb4+ 7. Bd2 Bxd2+ 8.
Qxd2 d6 9. Bc4 Nb6 10. Bb3 dxe5 11. dxe5 Qxd2+ 12. Nbxd2 O-O 13. O-O Re8 14.
Rfe1 Be6 15. Re2 Bxb3 16. Nxb3 Nd7 17. Rae1 Re7 1/2-1/2